00688nam a2200181Ia 4500008004100000020001800041041000800059082001800067100002300085245008500108260001600193300000800209365001700217700002300234906005400257999001900311952017600330230718s9999 xx 000 0 und d a9781788993869 aeng a005.13'3bBAN aBancila M.9201013 aModern C++ ChallengebBecome An Expert Programmer By Solving Real-World Problems c2018bPackt a315 cRs.b1099.00 aBancila M.9201013 dO:0604219-Aug-2018B:IN27525-Jul-2018cCOMPb219.8 c348172d348172 00104070aCCEPbCCEPd2018-08-19ePradeep Book DistributorsfCOMPg879.20iIN275l0o005.13'3pCCEP-BK-59379r2023-07-18 00:00:00t219.8v1099.00w2018-07-25yBKz059379